| 000 | 00646nam a2200253Ia 4500 | ||
|---|---|---|---|
| 003 | OSt | ||
| 005 | 20221006144057.0 | ||
| 006 | a|||||r|||| 00| 0 | ||
| 007 | ta | ||
| 008 | 221006b |||||||| |||| 00| 0 eng d | ||
| 020 | _c23.00 | ||
| 024 | _a10,818 | ||
| 037 | _cTextual | ||
| 040 |
_aEASL _cEASL _beng |
||
| 041 |
_2eng _aeng |
||
| 082 | _aW81v6.N5, K1 | ||
| 100 |
_aDIA Mamadou _9113733 |
||
| 245 | 0 | _aAfrican nations and world solidarity | |
| 260 |
_aLondon _bThames and Hudson _c1961 |
||
| 300 |
_a145p. _ccm. |
||
| 490 | _v Oth | ||
| 942 |
_hW81v6.N5, K1 _cTEXL _2CC |
||
| 999 |
_c1078904 _d1078904 |
||